LDR 00683naa#a2200169#i#450# 001 EN\INFRA-M\bibl\116621 005 20260413150407.1 011 ## _a2500-0519 100 ## _a20260306b2026####ek#y0engy0150####ca 102 ## _aRU 200 1# _aFrom analysis to design: the metalanguage of the General Theory of the Living Word as a functional basis for the formation of a consensus type of consciousness and its algorithmization in AI Systems _eJournal article 210 1# _aMoscow _cINFRA-M Academic Publishing LLC. _d2026 215 ## _a26 с. 608 ## _aJournal article _2local 675 ## _aЛингвистика. Языкознание. Языки. 81 _z 700 #1 _aLazarev _gA. I. 856 4# _azh-szf.ru _u